000 00531nam a2200217Ia 4500
003 OSt
005 20140311163139.0
008 140130s9999 xx 000 0 und d
020 _a0439687748
050 _aAG 243
_b.P245 2004
100 _aPackard, Marry
_931181
245 _aStrange school stories /
_cPackard, Marry
260 _bScholastic,
_c2004.
_aNew York :
300 _a86 p. :
_bill. ;
_c18 cm.
440 _v1
_931174
521 _aG5
526 _c700
942 _cBK
_2lcc
999 _c41834
_d41834